<?xml version="1.0" encoding="UTF-8"?>
<record
    xmlns:xsi="http://www.w3.org/2001/XMLSchema-instance"
    xsi:schemaLocation="http://www.loc.gov/MARC21/slim http://www.loc.gov/standards/marcxml/schema/MARC21slim.xsd"
    xmlns="http://www.loc.gov/MARC21/slim">

  <leader>06657nam a2200445Ia 4500</leader>
  <controlfield tag="001">dia_4630</controlfield>
  <controlfield tag="003">CHAP</controlfield>
  <controlfield tag="005">20241105125055.0</controlfield>
  <controlfield tag="007">ta</controlfield>
  <controlfield tag="008">220117s2010    mx ado frm    001 0 spa d</controlfield>
  <datafield tag="010" ind1=" " ind2=" ">
    <subfield code="a">175298</subfield>
  </datafield>
  <datafield tag="040" ind1=" " ind2=" ">
    <subfield code="c">CHAP</subfield>
    <subfield code="a">mxchpua</subfield>
    <subfield code="e">rda</subfield>
  </datafield>
  <datafield tag="041" ind1="0" ind2=" ">
    <subfield code="a">spa</subfield>
    <subfield code="b">eng</subfield>
  </datafield>
  <datafield tag="090" ind1=" " ind2=" ">
    <subfield code="a">Tesis </subfield>
    <subfield code="b">T672 </subfield>
    <subfield code="c">2010</subfield>
  </datafield>
  <datafield tag="100" ind1="1" ind2=" ">
    <subfield code="a">Mart&#xED;nez Espinosa, Viridiana</subfield>
  </datafield>
  <datafield tag="240" ind1="1" ind2="0">
    <subfield code="a">Evaluation of industrial quality of wheat flour at different aging times. </subfield>
    <subfield code="l">Espa&#xF1;ol</subfield>
  </datafield>
  <datafield tag="245" ind1=" " ind2=" ">
    <subfield code="a">Determinaci&#xF3;n del tiempo de maduraci&#xF3;n de la harina de trigo panificable para la evaluaci&#xF3;n de la calidad Industrial /</subfield>
    <subfield code="c">Viridiana Mart&#xED;nez Espinosa y Marcia Bell Torrijos Almaz&#xE1;n</subfield>
  </datafield>
  <datafield tag="264" ind1=" " ind2=" ">
    <subfield code="a">Chapingo, M&#xE9;xico :</subfield>
    <subfield code="b">El autor,</subfield>
    <subfield code="c">2010</subfield>
  </datafield>
  <datafield tag="300" ind1=" " ind2=" ">
    <subfield code="a">v, 83 hojas :</subfield>
    <subfield code="b">ilustraciones, gr&#xE1;ficas, tablas, fotos +</subfield>
    <subfield code="e">1 CD-ROM</subfield>
  </datafield>
  <datafield tag="336" ind1=" " ind2=" ">
    <subfield code="2">rdacontent</subfield>
    <subfield code="a">texto</subfield>
    <subfield code="b">txt</subfield>
  </datafield>
  <datafield tag="337" ind1=" " ind2=" ">
    <subfield code="2">rdamedia</subfield>
    <subfield code="a">no mediado</subfield>
    <subfield code="b">n</subfield>
  </datafield>
  <datafield tag="338" ind1=" " ind2=" ">
    <subfield code="2">rdacarrier</subfield>
    <subfield code="a">volumen</subfield>
    <subfield code="b">nc</subfield>
  </datafield>
  <datafield tag="502" ind1=" " ind2=" ">
    <subfield code="a">Tesis </subfield>
    <subfield code="b">(Ingeniero Agroindustrial) -- </subfield>
    <subfield code="c">UACh. Departamento de Ingenier&#xED;a Agroindustrial,</subfield>
    <subfield code="d">2010</subfield>
  </datafield>
  <datafield tag="504" ind1=" " ind2=" ">
    <subfield code="a">Bibliograf&#xED;a: hojas 73-76</subfield>
  </datafield>
  <datafield tag="520" ind1="3" ind2=" ">
    <subfield code="a">La harina de trigo es la materia prima por excelencia en todos los procesos de panificaci&#xF3;n, la cual proporciona volumen y estructura a la mayor&#xED;a de los productos. Es bien conocido que la harina, despu&#xE9;s de la molienda, no presenta buenas caracter&#xED;sticas de panificaci&#xF3;n, ya que antes de su empleo requiere de un periodo de reposo o maduraci&#xF3;n. Generalmente los t&#xE9;cnicos molineros,  dejan reposar las harinas por pe periodos entre 10 a 15 d&#xED;as, antes de entregarlas al panadero; puesto que  el pan elaborado con harina reci&#xE9;n molida es inferior en volumen, estructura y porosidad. El pan elaborado con la misma harina despu&#xE9;s de un adecuado periodo de conservaci&#xF3;n presenta por el contrario mejores caracter&#xED;sticas panaderas. El presente trabajo tuvo como objetivo evaluar la cin&#xE9;tica de maduraci&#xF3;n de las harinas, a fin de reducir el tiempo de maduraci&#xF3;n de las mismas, a fin de agilizar el proceso de evaluaci&#xF3;n de la calidad del trigo harinero en el Laboratorio de Trigo del INIFAP. Se evaluaron las caracter&#xED;sticas de calidad de la harina de 6 variedades de trigo harinero (Tlaxcala, Rebeca, Temporalera, G&#xE1;lvez, Maya y Urbina), almacenadas durante un mes con el objetivo de determinar las diferencias en cuanto a  la calidad en diferentes tiempos de almacenamiento (1, 2, 3, 4,5, 6, 7, 8, 9, 10, 12, 15, 18, 21, 24, 27 y 30 d&#xED;as). Con base en los resultados obtenidos se estableci&#xF3; el tiempo &#xF3;ptimo de maduraci&#xF3;n de las harinas de trigo. Las muestras de grano de cada variedad de trigo, fueron sometidas a un an&#xE1;lisis f&#xED;sico y las harinas a un an&#xE1;lisis fisicoqu&#xED;mico, reol&#xF3;gico y de panificaci&#xF3;n, de acuerdo con las metodolog&#xED;as propuestas por la Asociaci&#xF3;n Americana de Qu&#xED;micos Cerealeros (AACC, 2000). El an&#xE1;lisis estad&#xED;stico de los datos se realiz&#xF3; mediante un an&#xE1;lisis de varianza bajo un dise&#xF1;o factorial de tres factores (variedad, d&#xED;as de maduraci&#xF3;n y repetici&#xF3;n), con un arreglo completamente al azar con dos repeticiones; pruebas de medias (Tukey, P=0.05) y un an&#xE1;lisis de correlaci&#xF3;n de Pearson. Los resultados de las variables respuesta se ajustaron a curvas de regresi&#xF3;n de segundo grado, en funci&#xF3;n al tiempo de maduraci&#xF3;n de la harina de cada una de las variedades evaluadas. A fin de determinar sus diferencias y/o similitudes. La variedad y el tiempo de maduraci&#xF3;n afectaron significativamente la mayor parte de las variables estudiadas. Los resultados mostraron que el tiempo de maduraci&#xF3;n de la harina empleado com&#xFA;nmente en el Laboratorio de Farinolog&#xED;a (15 d&#xED;as) para realizar las pruebas alveogr&#xE1;ficas y de panificaci&#xF3;n en el trigo harinero puede ser acortado a 8 y 3 d&#xED;as, respectivamente, a fin de agilizar el flujo de an&#xE1;lisis de los materiales evaluados en la selecci&#xF3;n por calidad, dentro de los Programas de Mejoramiento Gen&#xE9;tico del Trigo. --</subfield>
  </datafield>
  <datafield tag="520" ind1="3" ind2=" ">
    <subfield code="a">Wheat flour is the basis of all bread making processes providing volume and structure to the majority of products. It is well known that flour, after milling, does not show adequate bread making characteristics and an aging time is required. Generally, millers mature the wheat flour for periods between 10 to 15 days before being used for bread making, because the products of recently milled flour has lower volume, structure and porosity. However, bread elaborated with the same flour but after an adequate maduration time shows better characteristics. The objective of this work was to evaluate the kinetics of resting time to speed up the process of evaluation of bread wheat quality at the Wheat Quality  Laboratory of the INIFAP. The characteristics of flour quality of six varieties of bread wheat (Tlaxcala, Rebeca, Temporalera, G&#xE1;lvez, Maya and Urbina) were evaluated. Flours were stored for a month to determine the differences on quality at different aging times (1, 2, 3, 4, 5, 6, 7, 8, 9, 10, 12, 15, 18, 21, 24, 27 and 30 days). The optimum resting time for wheat flours was determined. Grain samples of each variety were subjected to physical analysis and flour samples to physico-chemical, rheological and bread making analysis according to the methodologies proposed by American Association of Cereal Chemist (AACC, 2000). Data analysis was carried out by means of analysis of variance in a factorial design with two factors (variety, days of aging) arranged at random with two repetitions; mean testing (Tukey, P=0.05) and Pearson correlation analysis. The kinetics of variables according aging of flour for each variety were adjusted to a second degree polynomial equations. Variety and aging time affected the majority of the studied traits. Results showed that resting time of the flour commonly used at the Wheat Q Lab of the INIFAP (15 days) to perform alveographic and bread making tests can be shortened to eight and three days, respectively, to expedite the analysis of the materials from the breeding wheat programs. </subfield>
  </datafield>
  <datafield tag="650" ind1="1" ind2="3">
    <subfield code="a">Harina de trigo</subfield>
    <subfield code="x">Calidad del producto  </subfield>
    <subfield code="2">atg</subfield>
  </datafield>
  <datafield tag="650" ind1="1" ind2="3">
    <subfield code="a">Harina de trigo</subfield>
    <subfield code="x">Maduraci&#xF3;n</subfield>
    <subfield code="2">atg</subfield>
  </datafield>
  <datafield tag="650" ind1="1" ind2="3">
    <subfield code="a">Wheat flour</subfield>
    <subfield code="x">Product quality</subfield>
    <subfield code="2">atg</subfield>
  </datafield>
  <datafield tag="650" ind1="1" ind2="3">
    <subfield code="a">Wheat flour  </subfield>
    <subfield code="x">Ripening</subfield>
    <subfield code="2">atg</subfield>
  </datafield>
  <datafield tag="700" ind1="1" ind2=" ">
    <subfield code="a">Torrijos Almaz&#xE1;n, Marcia Bell</subfield>
    <subfield code="e">autora</subfield>
  </datafield>
  <datafield tag="700" ind1="1" ind2=" ">
    <subfield code="a">P&#xE9;rez Herrera, Patricia</subfield>
    <subfield code="e">directora</subfield>
  </datafield>
  <datafield tag="700" ind1="1" ind2=" ">
    <subfield code="a">Lim&#xF3;n Ortega, Agust&#xED;n</subfield>
    <subfield code="e">asesor</subfield>
  </datafield>
  <datafield tag="700" ind1="1" ind2=" ">
    <subfield code="a">Villase&#xF1;or Mir, H&#xE9;ctor Eduardo</subfield>
    <subfield code="e">asesor</subfield>
  </datafield>
  <datafield tag="856" ind1="4" ind2="1">
    <subfield code="u">http://10.13.5.2/tesis/110699.pdf</subfield>
    <subfield code="y">DESCARGAR PDF</subfield>
  </datafield>
  <datafield tag="901" ind1=" " ind2=" ">
    <subfield code="a">Tesis T672 2010</subfield>
  </datafield>
  <datafield tag="902" ind1=" " ind2=" ">
    <subfield code="a">A</subfield>
  </datafield>
  <datafield tag="905" ind1=" " ind2=" ">
    <subfield code="a">0000002010                          MX A M 0000000000SPA00</subfield>
  </datafield>
  <datafield tag="942" ind1=" " ind2=" ">
    <subfield code="c">TESIS</subfield>
    <subfield code="2">Clasificaci&#xF3;n Universidad Aut&#xF3;noma Chapingo</subfield>
  </datafield>
  <datafield tag="999" ind1=" " ind2=" ">
    <subfield code="c">175298</subfield>
    <subfield code="d">175298</subfield>
  </datafield>
  <datafield tag="952" ind1=" " ind2=" ">
    <subfield code="0">0</subfield>
    <subfield code="1">0</subfield>
    <subfield code="2">local</subfield>
    <subfield code="4">0</subfield>
    <subfield code="5">5</subfield>
    <subfield code="7">0</subfield>
    <subfield code="8">TESIS</subfield>
    <subfield code="a">IA_</subfield>
    <subfield code="b">IA_</subfield>
    <subfield code="d">2022-01-18</subfield>
    <subfield code="e">El autor</subfield>
    <subfield code="l">1</subfield>
    <subfield code="o">Tesis T672 2010</subfield>
    <subfield code="p">1101001053</subfield>
    <subfield code="r">2026-02-02 00:00:00</subfield>
    <subfield code="s">2024-11-13</subfield>
    <subfield code="t">Ej. 2</subfield>
    <subfield code="w">2022-01-18</subfield>
    <subfield code="y">TESIS</subfield>
  </datafield>
  <datafield tag="952" ind1=" " ind2=" ">
    <subfield code="0">0</subfield>
    <subfield code="1">0</subfield>
    <subfield code="2">local</subfield>
    <subfield code="4">0</subfield>
    <subfield code="5">1</subfield>
    <subfield code="7">0</subfield>
    <subfield code="8">TESIS</subfield>
    <subfield code="a">IA_</subfield>
    <subfield code="b">IA_</subfield>
    <subfield code="d">2022-01-18</subfield>
    <subfield code="e">El autor</subfield>
    <subfield code="l">0</subfield>
    <subfield code="o">Tesis T672 2010</subfield>
    <subfield code="p">1101001052</subfield>
    <subfield code="r">2026-02-02 00:00:00</subfield>
    <subfield code="t">Ej. 1</subfield>
    <subfield code="w">2022-01-18</subfield>
    <subfield code="y">TESIS</subfield>
  </datafield>
  <datafield tag="952" ind1=" " ind2=" ">
    <subfield code="0">0</subfield>
    <subfield code="1">0</subfield>
    <subfield code="2">local</subfield>
    <subfield code="4">0</subfield>
    <subfield code="7">0</subfield>
    <subfield code="8">TesDigL</subfield>
    <subfield code="a">IA_</subfield>
    <subfield code="b">IA_</subfield>
    <subfield code="c">E_L</subfield>
    <subfield code="d">2024-11-05</subfield>
    <subfield code="e">El autor</subfield>
    <subfield code="l">0</subfield>
    <subfield code="p">1201001052</subfield>
    <subfield code="r">2024-11-05 12:45:30</subfield>
    <subfield code="w">2024-11-05</subfield>
    <subfield code="y">TD</subfield>
  </datafield>
</record>
